| 000 | 00724nam a2200229Ia 4500 | ||
|---|---|---|---|
| 003 | OSt | ||
| 005 | 20220923230205.0 | ||
| 006 | a|||||r|||| 00| 0 | ||
| 007 | ta | ||
| 008 | 220922b |||||||| |||| 00| 0 snd d | ||
| 024 | _a278,197 | ||
| 037 | _cTextual | ||
| 040 |
_aARTS _cARTS _bsnd |
||
| 041 |
_2snd _asnd |
||
| 082 | _aV2y7M69, 1593[M0] | ||
| 100 |
_aजगित्याणी, चिमनिदासु ईसरिदासु _9168924 |
||
| 245 | 0 | _aअसांजो बापू | |
| 246 | _aAsāanjo bāpū | ||
| 260 | _c1980 | ||
| 942 |
_hV2y7M69, 1593[M0] _cTEXL _2CC |
||
| 999 |
_c383152 _d383152 |
||